Normal view
MARC view
- Kuno, Kenji
Entry Personal Name
001 - CONTROL NUMBER
- control field: 4492
003 - CONTROL NUMBER IDENTIFIER
- control field: OSt
005 - DATE AND TIME OF LATEST TRANSACTION
- control field: 20170515130148.0
008 - FIXED-LENGTH DATA ELEMENTS
- fixed length control field: 170515|| aca||aabn | a|a d
040 ## - CATALOGING SOURCE
- Original cataloging agency: OSt
- Transcribing agency: OSt
100 ## - HEADING--PERSONAL NAME
- Personal name: Kuno, Kenji
670 ## - SOURCE DATA FOUND
- Source citation: Work cat.: (OSt)0: Kuno, Kenji, Community based rehabilitation (CBR) and participation of disabled people :, 2007

PORTAL AKMAL
E-MEL JKDM
AKMAL2U
G-BAM
u-PUSTAKA